| 000 | 00594nam a2200217 a 4500 | ||
|---|---|---|---|
| 008 | |||
| 020 | _a0865427933 (pbk.) | ||
| 049 | _aMAIN | ||
| 090 | _aQO601 | ||
| 100 | 1 | _aBugg, Tim. | |
| 245 | 1 | 0 |
_aAn introduction to enzyme and coenzyme chemistry / _cTim Bugg. |
| 260 |
_aLondon : _bBlackwell Science , _c1997. |
||
| 300 |
_aviii,247p. : _bill. ; _c26cm. |
||
| 500 | _aIncludes index. | ||
| 650 | 1 | _aEnzymes. | |
| 907 |
_a.b1018465x _b13-01-06 _c06-01-06 |
||
| 003 | |||
| 005 | 20230123134136.0 | ||
| 040 | _cNUST | ||
| 942 |
_cBOOKS _kQO601 |
||
| 999 |
_c160760 _d160760 |
||